Unlock 1-5 : (Record no. 719)

MARC details
000 -LEADER
fixed length control field 01296nam a22003017a 4500
005 - DATE AND TIME OF LATEST TRANSACTION
control field 20250224105847.0
008 - FIXED-LENGTH DATA ELEMENTS--GENERAL INFORMATION
fixed length control field 211025b ||||| |||| 00| 0 eng d
020 ## - INTERNATIONAL STANDARD BOOK NUMBER
International Standard Book Number 9781108678728
040 ## - CATALOGING SOURCE
Original cataloging agency KCST
Transcribing agency KCST
082 ## - DEWEY DECIMAL CLASSIFICATION NUMBER
Classification number 428.24071
Item number So Un
100 ## - MAIN ENTRY--PERSONAL NAME
Personal name Sowton, Chris
9 (RLIN) 5143
245 ## - TITLE STATEMENT
Title Unlock 1-5 :
Remainder of title reading, writing & critical thinking: listening, speaking & critical thinking: teacher's manual and development pack/
Statement of responsibility, etc. Chris Sowton, Peter Lucantoni, Jessica Williams, Kate Adams,, Michele Lewis,Sabina Ostrowska
250 ## - EDITION STATEMENT
Edition statement 2nd
260 ## - PUBLICATION, DISTRIBUTION, ETC.
Place of publication, distribution, etc. Cambridge, UK:
Name of publisher, distributor, etc. Cambridge University Press;
Date of publication, distribution, etc. 2019 [2021]
300 ## - PHYSICAL DESCRIPTION
Extent 512 p.
650 ## - SUBJECT ADDED ENTRY--TOPICAL TERM
Topical term or geographic name entry element English language
Form subdivision Study and teaching
General subdivision Foreign speakers
-- Teacher's manual.
9 (RLIN) 5416
650 ## - SUBJECT ADDED ENTRY--TOPICAL TERM
Topical term or geographic name entry element Reading comprehension
Form subdivision Study and teaching.
9 (RLIN) 5417
650 ## - SUBJECT ADDED ENTRY--TOPICAL TERM
Topical term or geographic name entry element English language
Form subdivision Written English
General subdivision Study and teaching.
9 (RLIN) 5418
650 ## - SUBJECT ADDED ENTRY--TOPICAL TERM
Topical term or geographic name entry element English language
Form subdivision Critical thinking
General subdivision Study and teaching.
9 (RLIN) 5419
650 ## - SUBJECT ADDED ENTRY--TOPICAL TERM
Topical term or geographic name entry element English language
Form subdivision Listening
General subdivision Study and teaching.
9 (RLIN) 5420
650 ## - SUBJECT ADDED ENTRY--TOPICAL TERM
Topical term or geographic name entry element English language
Form subdivision Speaking
General subdivision Study and teaching.
9 (RLIN) 5421
700 ## - ADDED ENTRY--PERSONAL NAME
Personal name Lucantoni, Peter
9 (RLIN) 5422
700 ## - ADDED ENTRY--PERSONAL NAME
Personal name Williams, Jessica
9 (RLIN) 5423
700 ## - ADDED ENTRY--PERSONAL NAME
Personal name Adams, Kate
9 (RLIN) 5424
700 ## - ADDED ENTRY--PERSONAL NAME
Personal name Lewis, Michele
9 (RLIN) 5425
700 ## - ADDED ENTRY--PERSONAL NAME
Personal name Ostrowska, Sabina
9 (RLIN) 5426
942 ## - ADDED ENTRY ELEMENTS (KOHA)
Source of classification or shelving scheme Dewey Decimal Classification
Koha item type Reference Books
Holdings
Withdrawn status Lost status Source of classification or shelving scheme Damaged status Not for loan Home library Current library Date acquired Source of acquisition Cost, normal purchase price Total checkouts Full call number Barcode Date last seen Price effective from Koha item type
    Dewey Decimal Classification     KCST Library KCST Library 25/10/2021 Free copy from publisher 0.00   428.24071 So Un 1000000900 25/10/2021 25/10/2021 Teacher's manual
    Dewey Decimal Classification     KCST Library KCST Library 25/10/2021 Free copy from publisher 0.00   428.24071 So Un 1000000901 25/10/2021 25/10/2021 Teacher's manual
    Dewey Decimal Classification     KCST Library KCST Library 25/10/2021 Free copy from publisher 0.00   428.24071 So Un 1000000902 25/10/2021 25/10/2021 Teacher's manual
    Dewey Decimal Classification     KCST Library KCST Library 25/10/2021 Free copy from publisher 0.00   428.24071 So Un 1000000903 25/10/2021 25/10/2021 Teacher's manual
    Dewey Decimal Classification     KCST Library KCST Library 25/10/2021 Free copy from publisher 0.00   428.24071 So Un 1000000904 25/10/2021 25/10/2021 Teacher's manual
    Dewey Decimal Classification     KCST Library KCST Library 25/10/2021 Free copy from publisher 0.00   428.24071 So Un 1000000905 25/10/2021 25/10/2021 Teacher's manual
    Dewey Decimal Classification     KCST Library KCST Library 25/10/2021 Free copy from publisher 0.00   428.24071 So Un 1000000906 25/10/2021 25/10/2021 Teacher's manual
    Dewey Decimal Classification     KCST Library KCST Library 25/10/2021 Free copy from publisher 0.00   428.24071 So Un 1000000907 25/10/2021 25/10/2021 Teacher's manual
    Dewey Decimal Classification     KCST Library KCST Library 25/10/2021 Free copy from publisher 0.00   428.24071 So Un 1000000774 13/02/2023 13/02/2023 Teacher's manual
    Dewey Decimal Classification     KCST Library KCST Library 10/08/2023 Donated by Ms. Rawan - English Dept. 0.00   428.24071 So Un 1000001151 10/08/2023 10/08/2023 Teacher's manual
© 2025 KCST. All rights reserved